Мозаика. Санкт-Петербург. XVIII - XXI вв. (Запись № 1077297)

Подробности
000 -МАРКЕР
контрольное поле 01755nam0a2200373 4500
001 - ИДЕНТИФИКАТОР ЗАПИСИ
контрольное поле RU\NLR\bibl\794350
005 - ИДЕНТИФИКАТОР ВЕРСИИ
контрольное поле 20250708190749.0
010 ## - МЕЖДУНАРОДНЫЙ СТАНДАРТНЫЙ НОМЕР КНИГИ (ISBN)
Номер (ISBN) 5-93113-016-0
035 ## - ДРУГИЕ СИСТЕМНЫЕ НОМЕРА
Идентификатор записи (NLR Aleph) 000783564
100 ## - ДАННЫЕ ОБЩЕЙ ОБРАБОТКИ
Данные общей обработки 20050429d2005 |||y0rusy50 ca
101 0# - ЯЗЫК РЕСУРСА
Язык текста, звукозаписи и т.д. русский
-- английский
102 ## - СТРАНА ПУБЛИКАЦИИ ИЛИ ПРОИЗВОДСТВА
Страна публикации Российская Федерация
105 ## - ПОЛЕ КОДИРОВАННЫХ ДАННЫХ: ТЕКСТОВЫЕ МАТЕРИАЛЫ, МОНОГРАФИЧЕСКИЕ
Кодированные данные о монографическом текстовом документе a |||||||||
200 1# - ЗАГЛАВИЕ И СВЕДЕНИЯ ОБ ОТВЕТСТВЕННОСТИ
Основное заглавие Мозаика. Санкт-Петербург. XVIII - XXI вв.
Параллельное заглавие Mosaic. St.Petersburg. XVIII-XXI
Сведения, относящиеся к заглавию [альбом]
Первые сведения об ответственности Кутейникова Н.С.
Язык параллельного заглавия английский
210 ## - ПУБЛИКАЦИЯ, РАСПРОСТРАНЕНИЕ И ДР.
Место издания, распространения и т.д. Санкт-Петербург
Имя издателя, распространителя и т. д. Знаки
Дата издания, распространения и т.д. 2005
215 ## - ФИЗИЧЕСКАЯ ХАРАКТЕРИСТИКА
Специфическое обозначение материала и объем 501,[3] с.
Другие сведения о физической характеристике ил., цв. ил.
Размеры 23
225 1# - СЕРИЯ
Основное заглавие серии Серия альбомов "Искусство мозаики"
Обозначение тома Вып. 1
300 ## - ОБЩИЕ ПРИМЕЧАНИЯ
Текст примечания Авт. также на англ. яз.: N.S. Kouteynikova
300 ## - ОБЩИЕ ПРИМЕЧАНИЯ
Текст примечания Текст парал. на рус. и англ. яз.
320 ## - ПРИМЕЧАНИЯ О НАЛИЧИИ В ДОКУМЕНТЕ БИБЛИОГРАФИИ / УКАЗАТЕЛЯ
Текст примечания Библиогр.: с. 498-501 (90 назв.)
510 1# - ПАРАЛЛЕЛЬНОЕ ЗАГЛАВИЕ
Связь между полями z17790
Параллельное заглавие Mosaic. St.Petersburg. XVIII-XXI
Язык заглавия английский
606 1# - НАИМЕНОВАНИЕ ТЕМЫ КАК ПРЕДМЕТ
Наименование темы Мозаика русская
Формальный подзаголовок Альбомы
Географический подзаголовок Санкт-Петербург, город
Хронологический подзаголовок 18 - 21 вв.
Системный номер авторитетной/нормативной записи 2374323
Идентификатор авторитетной/нормативной записи RU\NLR\auth\661417019
686 ## - ИНДЕКСЫ ДРУГИХ КЛАССИФИКАЦИЙ
Индекс Щ143(2Р=Рус)-461.3
700 #1 - ИМЯ ЛИЦА - ПЕРВИЧНАЯ ОТВЕТСТВЕННОСТЬ
Начальный элемент ввода Кутейникова
Часть имени, кроме начального элемента ввода Н. С.
Расширение инициалов личного имени Нина Сергеевна
Код отношения Автор
790 #1 - ИМЯ ЛИЦА - АЛЬТЕРНАТИВНАЯ ФОРМА
Связь между полями z17510
Начальный элемент ввода Kutejnikova
Часть имени, кроме начального элемента ввода N. S.
Расширение инициалов личного имени Nina Sergeevna
Код отношения Автор
801 #0 - ИСТОЧНИК ЗАПИСИ
Страна Российская Федерация
Организация NLR
Дата составления 20050429
Правила каталогизации rcr
801 #1 - ИСТОЧНИК ЗАПИСИ
Страна Российская Федерация
Организация NLR
Дата составления 20050429
830 ## - ОБЩЕЕ ПРИМЕЧАНИЕ, СОСТАВЛЕННОЕ КАТАЛОГИЗАТОРОМ
Текст примечания Авт. по кн.
942 ## - ДОПОЛНИТЕЛЬНЫЕ ЭЛЕМЕНТЫ ЗАПИСИ (АБИС)
Тип экземпляра АБИС Книга
980 ## - КОЛЛЕКЦИЯ
Название коллекции Национальная библиография
981 43 - КОЛЛЕКЦИЯ ЭЛЕКТРОННОЙ БИБЛИОТЕКИ
Название коллекции Тематическая подборка Санкт-Петербург
Название подколлекции 12. Искусство
981 43 - КОЛЛЕКЦИЯ ЭЛЕКТРОННОЙ БИБЛИОТЕКИ
Название коллекции Тематическая подборка Санкт-Петербург
Название подколлекции
Экземпляры
Тип экземпляра Дата поступления Источник поступления Стоимость Библиотека постоянного хранения Библиотека текущего хранения Место хранения Шифр хранения Штрих-код Статус экземпляра
Книга 29.04.2005 Покупка 2200.00 РНБ (Московский) РНБ (Московский) Фонд общего зала литературы по филологии, педагогике и искусству (гуманитарной литературы) Л1 Щ12/К-950 1-481504  
Книга 10.07.2005 Покупка 2200.00 РНБ (Московский) РНБ (Московский) Резервный фонд   953501  
Книга 29.04.2005 Покупка 2000.00 РНБ (Садовая) РНБ (Садовая) Фонд эстампов и фотографий (изоизданий) Э АлИс511,1-63/2-2 908916  
Книга 10.07.2005 Покупка 2200.00 РНБ (Садовая) РНБ (Садовая) Фонд научного зала литературы и искусства Л2 Щ14(2)/К-950 1-195329  
Книга 01.11.2007 Покупка 1950.00 РНБ (Садовая) РНБ (Садовая) Фонд эстампов и фотографий (изоизданий) Э АлИс511,1-63/2-2 2539826  
Книга 10.07.2005 Покупка 2200.00 РНБ (Фонтанка) РНБ (Фонтанка) Юношеский читальный зал Ю Щ12/К-95 1-183877